[Event "BL2 Sued 1415 (Women)"]
[Site "Germany"]
[Date "2014.11.30"]
[Round "4.1"]
[White "Jussupow, Ekaterina"]
[Black "Ries, Jutta"]
[Result "1/2-1/2"]
[WhiteElo "2223"]
[BlackElo "1970"]
[PlyCount "94"]
[EventDate "2014.09.27"]
[EventType "team-tourn"]
[EventRounds "7"]
[EventCountry "GER"]
[SourceTitle "CBM 166 Extra"]
[Source "ChessBase"]
[SourceDate "2015.06.18"]
[SourceVersion "1"]
[SourceVersionDate "2015.06.18"]
[SourceQuality "1"]
[WhiteTeam "Stuttgart Wolfbusch (W)"]
[BlackTeam "Gernsheim (W)"]
[WhiteTeamCountry "GER"]
[BlackTeamCountry "GER"]

1. d4 Nf6 2. Nc3 g6 3. e4 d6 4. Nf3 Bg7 5. Be3 c6 6. Bd3 0-0 7. h3 b5 8. 0-0 Nbd7 9. Qc1 a5 10. Bh6 b4 11. Ne2 Ba6 12. Bxg7 Kxg7 13. e5 Nd5 14. Rd1 dxe5 15. dxe5 Nc5 16. Bxa6 Rxa6 17. c4 bxc3 18. Nxc3 Ne6 19. Ne4 Qb6 20. Qc4 Rd8 21. Neg5 Ndc7 22. Rxd8 Nxd8 23. Rd1 Nde6 24. Nxf7 Qb4 25. Qxb4 axb4 26. Nd8 Nxd8 27. Rxd8 Rxa2 28. Rc8 Nd5 29. b3 Rb2 30. Nd4 Nf4 31. Rxc6 Rb1+ 32. Kh2 Nd3 33. Rb6 Rb2 34. f3 Ne1 35. Rxb4 Rxg2+ 36. Kh1 Rd2 37. Ne6+ Kf7 38. Ng5+ Kg7 39. Rf4 h6 40. Ne6+ Kg8 41. Kg1 Re2 42. Rf8+ Kh7 43. f4 Nf3+ 44. Kf1 Rd2 45. Rf7+ Kg8 46. Rxe7 Nh2+ 47. Ke1 Nf3+ 1/2-1/2

[Event "BL2 Sued 1314 (Women)"]
[Site "Germany"]
[Date "2014.02.15"]
[Round "4.1"]
[White "Birkholz, Olga"]
[Black "Jussupow, Ekaterina"]
[Result "0-1"]
[WhiteElo "2096"]
[BlackElo "2216"]
[PlyCount "92"]
[EventDate "2013.11.30"]
[EventType "team-tourn"]
[EventRounds "7"]
[EventCountry "GER"]
[SourceTitle "EXT 2018"]
[Source "ChessBase"]
[SourceDate "2017.10.13"]
[SourceVersion "1"]
[SourceVersionDate "2017.10.13"]
[SourceQuality "1"]
[WhiteTeam "Augsburg (W)"]
[BlackTeam "Stuttgart Wolfbusch (W)"]
[WhiteTeamCountry "GER"]
[BlackTeamCountry "GER"]

1. g3 d5 2. Bg2 Nf6 3. c4 e6 4. Nf3 dxc4 5. Ne5 Qd4 6. f4 c6 7. Qc2 Nbd7 8. Qxc4 Bc5 9. e3 Qd6 10. 0-0 0-0 11. d4 Bb6 12. Nc3 Nd5 13. Ne4 Qe7 14. Bd2 f6 15. Nxd7 Bxd7 16. Nf2 c5 17. Rfe1 Rac8 18. Qe2 cxd4 19. exd4 Qf7 20. Qd3 Bc6 21. Bh3 Rfe8 22. Re2 Rcd8 23. Rae1 Nc7 24. Bc3 Bb5 25. Qe4 Bxe2 26. Rxe2 f5 27. Qxb7 Nb5 28. Qxf7+ Kxf7 29. Bg2 Nxd4 30. Bxd4 Rxd4 31. Kf1 Rc8 32. Bf3 Rc1+ 33. Kg2 h6 34. Bb7 g5 35. fxg5 hxg5 36. b3 Kf6 37. Ba6 Rd6 38. Bc4 e5 39. g4 e4 40. gxf5 Kxf5 41. h3 e3 42. Ng4 Kf4 43. Nh2 Rdd1 44. Nf3 Rf1 45. Bd5 Rf2+ 46. Rxf2 exf2 0-1

[Event "BL2 Sued 1213 (Women)"]
[Site "Germany"]
[Date "2013.01.20"]
[Round "5.1"]
[White "Woniak, Katarzyna"]
[Black "Jussupow, Ekaterina"]
[Result "1/2-1/2"]
[WhiteElo "1981"]
[BlackElo "2188"]
[PlyCount "43"]
[EventDate "2012.10.06"]
[EventType "team-tourn"]
[EventRounds "7"]
[EventCountry "GER"]
[SourceTitle "EXT 2018"]
[Source "ChessBase"]
[SourceDate "2017.10.13"]
[SourceVersion "1"]
[SourceVersionDate "2017.10.13"]
[SourceQuality "1"]
[WhiteTeam "Augsburg SG (W)"]
[BlackTeam "Stuttgart Wolfbusch (W)"]
[WhiteTeamCountry "GER"]
[BlackTeamCountry "GER"]

1. c4 e6 2. Nc3 d5 3. d4 Nf6 4. Nf3 Be7 5. Bf4 0-0 6. e3 c6 7. cxd5 exd5 8. Bd3 Bg4 9. 0-0 Bd6 10. Bxd6 Qxd6 11. h3 Bh5 12. Ne2 Bxf3 13. gxf3 Nbd7 14. Ng3 c5 15. dxc5 Nxc5 16. Bc2 Qe5 17. b4 Ne6 18. f4 Qc3 19. Qd3 Rac8 20. Rac1 Qb2 21. Qb3 Qxb3 22. Bxb3 1/2-1/2

[Event "Bayern-chI Bank Hofmann 16th"]
[Site "Bad Wiessee"]
[Date "2012.11.04"]
[Round "9"]
[White "Jussupow, Ekaterina"]
[Black "Hammes, Michael"]
[Result "1-0"]
[WhiteElo "2188"]
[BlackElo "2368"]
[PlyCount "61"]
[EventDate "2012.10.27"]
[EventType "swiss"]
[EventRounds "9"]
[EventCountry "GER"]
[SourceTitle "EXT 2013"]
[Source "ChessBase"]
[SourceDate "2012.11.22"]
[SourceVersion "1"]
[SourceVersionDate "2012.11.22"]
[SourceQuality "1"]

1. d4 e6 2. c4 Nf6 3. Bg5 Bb4+ 4. Nd2 h6 5. Bh4 d5 6. e3 g5 7. Bg3 Bxd2+ 8. Qxd2 Ne4 9. Qc2 c5 10. 0-0-0 Nc6 11. dxc5 0-0 12. a3 Ne7 13. Nf3 Bd7 14. Ne5 Nxc5 15. Nxd7 Qxd7 16. h4 g4 17. h5 Rac8 18. Rh4 f5 19. f3 gxf3 20. gxf3 Kh7 21. Kb1 Qc6 22. Be5 Nd7 23. Bc3 Rg8 24. e4 dxe4 25. fxe4 Rcf8 26. exf5 Nxf5 27. Bh3 Nc5 28. Rf4 Rg5 29. Bg4 Rf7 30. Rd8 Rfg7 31. Rxf5 1-0

[Event "BL 1112 (Women)"]
[Site "Germany"]
[Date "2012.04.22"]
[Round "10.1"]
[White "Socko, Monika"]
[Black "Jussupow, Ekaterina"]
[Result "0-1"]
[WhiteElo "2490"]
[BlackElo "2162"]
[PlyCount "142"]
[EventDate "2011.10.29"]
[EventType "team-tourn"]
[EventRounds "11"]
[EventCountry "GER"]
[SourceTitle "EXT 2013"]
[Source "ChessBase"]
[SourceDate "2012.11.22"]
[SourceVersion "1"]
[SourceVersionDate "2012.11.22"]
[SourceQuality "1"]
[WhiteTeam "Hamburger SK (W)"]
[BlackTeam "Stuttgart Wolfbusch (W)"]
[WhiteTeamCountry "GER"]
[BlackTeamCountry "GER"]

1. Nf3 d5 2. d4 Nf6 3. c4 e6 4. g3 Bb4+ 5. Bd2 Be7 6. Bg2 0-0 7. 0-0 c6 8. Qc2 Nbd7 9. Rd1 a5 10. Be1 Ne4 11. Nfd2 f5 12. Nxe4 fxe4 13. Nc3 Bf6 14. f3 exf3 15. Bxf3 Nb6 16. c5 Nc4 17. Bf2 Bg5 18. Na4 e5 19. dxe5 Nxe5 20. Qc3 Qf6 21. Bd4 Nxf3+ 22. exf3 Qxf3 23. Qxf3 Rxf3 24. Nb6 Rb8 25. Kg2 Rf8 26. Be5 Bg4 27. Bxb8 Bxd1 28. Rxd1 Rxb8 29. a3 Re8 30. h4 Bf6 31. Rd2 Re3 32. Nd7 Be7 33. Kf2 Re4 34. b3 Kf7 35. Rc2 Ke6 36. Nb6 Bf6 37. Nc8 Bd4+ 38. Kg2 Re3 39. b4 Rxa3 40. bxa5 Rxa5 41. Re2+ Be5 42. Nd6 Rxc5 43. Nxb7 Rc3 44. Nd8+ Kf6 45. g4 Rg3+ 46. Kf2 Rxg4 47. Nxc6 Bd6 48. Rd2 Rc4 49. Na5 Rf4+ 50. Ke3 Re4+ 51. Kf3 Ke6 52. Rg2 Be5 53. Nc6 Bf6 54. h5 Rh4 55. Re2+ Kd6 56. Rc2 Rxh5 57. Nb4 Rh3+ 58. Kg2 Rb3 59. Rc6+ Ke5 60. Rb6 Rb2+ 61. Kf3 Kd4 62. Nc6+ Kc5 63. Rxb2 Bxb2 64. Nd8 Kc4 65. Ne6 Bf6 66. Nf8 h5 67. Ne6 g5 68. Nc7 d4 69. Ne8 Be5 70. Ke4 Bf4 71. Nf6 h4 0-1

[Event "Landesliga Sued 1112"]
[Site "Bayern"]
[Date "2012.02.26"]
[Round "7.4"]
[White "Jussupow, Ekaterina"]
[Black "Lederle, Vitus"]
[Result "1/2-1/2"]
[WhiteElo "2178"]
[BlackElo "2147"]
[PlyCount "97"]
[EventDate "2011.10.02"]
[EventType "team-tourn"]
[EventRounds "9"]
[EventCountry "GER"]
[SourceTitle "EXT 2015"]
[Source "ChessBase"]
[SourceDate "2014.11.20"]
[SourceVersion "1"]
[SourceVersionDate "2014.11.20"]
[SourceQuality "1"]
[WhiteTeam "Krumbach"]
[BlackTeam "Dillingen"]
[WhiteTeamCountry "GER"]
[BlackTeamCountry "GER"]

1. e4 c5 2. Nf3 d6 3. d4 cxd4 4. Nxd4 Nf6 5. Nc3 g6 6. Be3 Bg7 7. Be2 Nc6 8. 0-0 0-0 9. h3 Bd7 10. Qd2 Nxd4 11. Bxd4 Bc6 12. Bf3 Nd7 13. Bxg7 Kxg7 14. Nd5 a6 15. Be2 Rc8 16. c3 Kg8 17. Qd4 Bxd5 18. exd5 Qb6 19. Qxb6 Nxb6 20. Rad1 Rc5 21. Rd4 Nxd5 22. Bf3 Nc7 23. Re1 Ne6 24. Rb4 b5 25. Rbe4 h5 26. R4e3 Re8 27. g4 Ng5 28. Bb7 hxg4 29. hxg4 Ne6 30. b4 Rg5 31. f3 Rb8 32. Bxa6 Nc7 33. Rxe7 Nxa6 34. Ra7 Nc5 35. bxc5 Rxc5 36. Ree7 Rf8 37. Re3 Rfc8 38. Ree7 Rf8 39. Re3 Kg7 40. Kf2 g5 41. Kg3 Rfc8 42. Ree7 Rf8 43. Reb7 Kf6 44. Ra5 Rfc8 45. Raxb5 Rxb5 46. Rxb5 Rxc3 47. a4 Ra3 48. a5 Ke6 49. Rxg5 1/2-1/2

[Event "Landesliga Sued 1112"]
[Site "Bayern"]
[Date "2012.02.05"]
[Round "6.4"]
[White "De Francesco, Klaus"]
[Black "Jussupow, Ekaterina"]
[Result "1/2-1/2"]
[WhiteElo "2276"]
[BlackElo "2178"]
[PlyCount "95"]
[EventDate "2011.10.02"]
[EventType "team-tourn"]
[EventRounds "9"]
[EventCountry "GER"]
[SourceTitle "EXT 2013"]
[Source "ChessBase"]
[SourceDate "2012.11.22"]
[SourceVersion "1"]
[SourceVersionDate "2012.11.22"]
[SourceQuality "1"]
[WhiteTeam "Weilheim"]
[BlackTeam "Krumbach"]
[WhiteTeamCountry "GER"]
[BlackTeamCountry "GER"]

1. d4 d5 2. c4 e6 3. Nf3 Nf6 4. g3 Bb4+ 5. Bd2 Be7 6. Bg2 0-0 7. 0-0 Nbd7 8. Qc2 c6 9. Bf4 a5 10. Nc3 dxc4 11. e4 b5 12. Rfd1 Qb6 13. e5 Nd5 14. Bg5 Nb4 15. Qe4 Re8 16. Bxe7 Rxe7 17. Qh4 Re8 18. Ne4 Qd8 19. Qh5 h6 20. h4 Qe7 21. g4 Bb7 22. g5 c5 23. Nd6 Bxf3 24. Bxf3 cxd4 25. Bxa8 Rxa8 26. gxh6 g6 27. h7+ Kg7 28. Qg4 d3 29. Qe4 Rh8 30. Kg2 Rxh7 31. Rh1 Rh5 32. f4 Nd5 33. Rh3 Rxh4 34. Rah1 Rxh3 35. Rxh3 Qd8 36. Kg3 Qb6 37. Kf3 Nc5 38. Qd4 Qc6 39. Kf2 d2 40. Ne8+ Kf8 41. Rh8+ Ke7 42. Nf6 d1Q 43. Qxd1 Nd3+ 44. Kg3 Nxf6 45. exf6+ Kxf6 46. Qg4 Qc5 47. Qh4+ Kf5 48. Qg4+ 1/2-1/2

[Event "BL 1112 (Women)"]
[Site "Germany"]
[Date "2011.11.26"]
[Round "3.2"]
[White "Jussupow, Ekaterina"]
[Black "Koepke, Elena"]
[Result "0-1"]
[WhiteElo "2162"]
[BlackElo "2324"]
[PlyCount "172"]
[EventDate "2011.10.29"]
[EventType "team-tourn"]
[EventRounds "11"]
[EventCountry "GER"]
[SourceTitle "EXT 2013"]
[Source "ChessBase"]
[SourceDate "2012.11.22"]
[SourceVersion "1"]
[SourceVersionDate "2012.11.22"]
[SourceQuality "1"]
[WhiteTeam "Stuttgart Wolfbusch (W)"]
[BlackTeam "Friedberg (W)"]
[WhiteTeamCountry "GER"]
[BlackTeamCountry "GER"]

1. d4 d5 2. Nc3 Bf5 3. Bg5 h6 4. Bh4 c6 5. e3 Nd7 6. Bd3 Bxd3 7. cxd3 Ngf6 8. Nf3 e6 9. 0-0 Be7 10. Rc1 0-0 11. h3 Re8 12. Bg3 Rc8 13. a3 a5 14. Re1 b5 15. Re2 Qb6 16. Rec2 Qa6 17. b3 Bxa3 18. Ra1 Bb4 19. Qc1 Qb7 20. Na2 Be7 21. Qd2 Ra8 22. Rac1 Rec8 23. b4 a4 24. Rc3 Nh7 25. R1c2 Nhf8 26. Qc1 Ra6 27. Qe1 Ng6 28. Qc1 Bf8 29. Qe1 Nf6 30. Bh2 Qd7 31. Qc1 Ne8 32. Qe1 Rb6 33. Qc1 f6 34. e4 Nd6 35. Qe1 dxe4 36. dxe4 Nc4 37. Rxc4 bxc4 38. Rxc4 Bd6 39. e5 Be7 40. exf6 Bxf6 41. Nc3 Ra8 42. Qb1 Qe8 43. Ne4 Be7 44. Nc5 a3 45. Qa2 Qf7 46. Bc7 Bxc5 47. dxc5 Rb7 48. Ba5 e5 49. Rc2 Rd7 50. Qxa3 Rd1+ 51. Kh2 e4 52. Ng1 Kh7 53. Qe3 Qd5 54. Re2 Qe5+ 55. f4 Qa1 56. Rd2 Re8 57. Rxd1 Qxd1 58. Bc7 Qd3 59. Qe2 Ne7 60. Qg4 e3 61. Be5 Ng6 62. Bxg7 Rg8 63. f5 Rxg7 64. fxg6+ Rxg6 65. Qf3 Rg7 66. Ne2 Re7 67. Qf6 Qe4 68. Kg1 Rg7 69. g4 Qd3 70. Qf3 Re7 71. Kg2 Qe4 72. Qxe4+ Rxe4 73. Kf3 Rxb4 74. Nc1 Rb1 75. Nd3 Rh1 76. Nf4 Kg7 77. Kxe3 Kf6 78. Ke4 Re1+ 79. Kd4 Kg5 80. Nd3 Rd1 81. Ke4 Kh4 82. Ne5 Re1+ 83. Kf5 Rc1 84. Nxc6 Rxc5+ 85. Ne5 Kxh3 86. Kf6 Rxe5 0-1

[Event "Munich OIS op 31st"]
[Site "Munich"]
[Date "2011.09.24"]
[Round "8"]
[White "Jussupow, Ekaterina"]
[Black "Lochte, Thomas"]
[Result "1-0"]
[WhiteElo "2162"]
[BlackElo "2172"]
[PlyCount "63"]
[EventDate "2011.09.17"]
[EventType "swiss"]
[EventRounds "9"]
[EventCountry "GER"]
[SourceTitle "CBM 144 Extra"]
[Source "ChessBase"]
[SourceDate "2011.10.28"]
[SourceVersion "1"]
[SourceVersionDate "2011.10.28"]
[SourceQuality "1"]

1. Nf3 Nf6 2. d4 g6 3. Nc3 d5 4. Bf4 Bg7 5. h3 0-0 6. e3 c6 7. Bd3 Nbd7 8. 0-0 Re8 9. Bh2 b5 10. Re1 b4 11. Na4 Qa5 12. c3 Nb6 13. Nc5 bxc3 14. Nb3 Qa4 15. bxc3 Nfd7 16. Bc2 Qa3 17. Qc1 Nc4 18. Qxa3 Nxa3 19. Bd3 c5 20. dxc5 Bxc3 21. Rac1 Bxe1 22. Rxe1 e5 23. c6 e4 24. cxd7 Bxd7 25. Bd6 Nc4 26. Bxc4 dxc4 27. Nc5 exf3 28. Nxd7 Re6 29. Bb4 Rd8 30. Nc5 Red6 31. Nb7 Rd1 32. Nxd8 1-0

[Event "Munich OIS op 31st"]
[Site "Munich"]
[Date "2011.09.23"]
[Round "7"]
[White "Belezky, Alexander"]
[Black "Jussupow, Ekaterina"]
[Result "1/2-1/2"]
[WhiteElo "2430"]
[BlackElo "2162"]
[PlyCount "41"]
[EventDate "2011.09.17"]
[EventType "swiss"]
[EventRounds "9"]
[EventCountry "GER"]
[SourceTitle "CBM 144 Extra"]
[Source "ChessBase"]
[SourceDate "2011.10.28"]
[SourceVersion "1"]
[SourceVersionDate "2011.10.28"]
[SourceQuality "1"]

1. Nf3 d5 2. g3 Nf6 3. Bg2 Bf5 4. d3 e6 5. 0-0 Be7 6. b3 h6 7. Bb2 0-0 8. Nfd2 Bh7 9. e4 c5 10. Nc3 Nc6 11. h3 Rb8 12. Re1 b5 13. exd5 exd5 14. a4 a6 15. axb5 axb5 16. Nf1 Qd7 17. Ne2 Nb4 18. Qd2 d4 19. Ba3 Nfd5 20. h4 Bd6 21. Bxb4 1/2-1/2

[Event "BL2-Sued 1011"]
[Site "Germany"]
[Date "2011.02.06"]
[Round "6.6"]
[White "Gohil, Harry"]
[Black "Jussupow, Ekaterina"]
[Result "1-0"]
[WhiteElo "2302"]
[BlackElo "2153"]
[PlyCount "72"]
[EventDate "2010.10.10"]
[EventType "team-tourn"]
[EventRounds "9"]
[EventCountry "GER"]
[SourceTitle "EXT 2012"]
[Source "ChessBase"]
[SourceDate "2011.11.24"]
[SourceVersion "1"]
[SourceVersionDate "2011.11.24"]
[SourceQuality "1"]
[WhiteTeam "Schott Mainz"]
[BlackTeam "Krumbach"]
[WhiteTeamCountry "GER"]
[BlackTeamCountry "GER"]

1. d4 d5 2. Bf4 Bf5 3. e3 e6 4. c4 Bd6 5. Qb3 Bxf4 6. exf4 Nc6 7. Nf3 dxc4 8. Qxb7 Nge7 9. Bxc4 0-0 10. 0-0 Rb8 11. Qa6 Nb4 12. Qxa7 Nc2 13. Nc3 Nxa1 14. Rxa1 Rxb2 15. Bb3 Qa8 16. Qxa8 Rxa8 17. Rc1 Rb8 18. Ne5 Rd2 19. g4 Bg6 20. d5 f6 21. Nc4 Rd4 22. dxe6 Rxf4 23. Ne3 c6 24. Rd1 Kf8 25. Ne2 Re4 26. Nc3 Re5 27. Rd6 Rc5 28. Ne2 Be4 29. f4 Nd5 30. Kf2 Nb4 31. Rd7 h5 32. h3 h4 33. Nc4 Bd5 34. Nd6 Nd3+ 35. Ke3 Bxe6 36. Bxe6 Nb2 1-0

[Event "BL2-Sued 1011"]
[Site "Germany"]
[Date "2010.12.12"]
[Round "4.7"]
[White "Koch, Wolfgang Max"]
[Black "Jussupow, Ekaterina"]
[Result "0-1"]
[WhiteElo "2310"]
[BlackElo "2153"]
[PlyCount "94"]
[EventDate "2010.10.10"]
[EventType "team-tourn"]
[EventRounds "9"]
[EventCountry "GER"]
[SourceTitle "EXT 2012"]
[Source "ChessBase"]
[SourceDate "2011.11.24"]
[SourceVersion "1"]
[SourceVersionDate "2011.11.24"]
[SourceQuality "1"]
[WhiteTeam "Untergrombach"]
[BlackTeam "Krumbach"]
[WhiteTeamCountry "GER"]
[BlackTeamCountry "GER"]

1. d4 Nf6 2. Nf3 d5 3. c4 e6 4. Nc3 Be7 5. Bg5 h6 6. Bh4 0-0 7. e3 b6 8. Be2 Bb7 9. Bxf6 Bxf6 10. cxd5 exd5 11. 0-0 Qe7 12. Rb1 Nd7 13. b4 c5 14. bxc5 Nxc5 15. dxc5 Bxc3 16. cxb6 axb6 17. Rxb6 Rxa2 18. Bd3 Ba8 19. Bb1 Ra3 20. Nd4 Qa7 21. Rxh6 gxh6 22. Nb5 Qe7 23. Qg4+ Bg7 24. Qf5 Rb8 25. Nxa3 Qxa3 26. Qf4 Qb4 27. Qf5 Qc4 28. Bd3 Qc3 29. Be2 Qe5 30. Qxe5 Bxe5 31. Rd1 Bc6 32. Bf3 Ba4 33. Rc1 d4 34. Bd1 Bxd1 35. exd4 Bxd4 36. Rxd1 Rb2 37. Rf1 Kg7 38. g3 Kg6 39. Kg2 h5 40. Kf3 Kf5 41. Kg2 h4 42. Kf3 h3 43. g4+ Kg5 44. Kg3 Rb3+ 45. f3 Be5+ 46. Kxh3 Rb2 47. Rh1 Bf4 0-1

[Event "BL2-Sued 1011"]
[Site "Germany"]
[Date "2010.10.10"]
[Round "1.8"]
[White "Nekrasov, Mihail"]
[Black "Jussupow, Ekaterina"]
[Result "1-0"]
[WhiteElo "2382"]
[BlackElo "2153"]
[PlyCount "65"]
[EventDate "2010.10.10"]
[EventType "team-tourn"]
[EventRounds "9"]
[EventCountry "GER"]
[SourceTitle "EXT 2012"]
[Source "ChessBase"]
[SourceDate "2011.11.24"]
[SourceVersion "1"]
[SourceVersionDate "2011.11.24"]
[SourceQuality "1"]
[WhiteTeam "Hockenheim"]
[BlackTeam "Krumbach"]
[WhiteTeamCountry "GER"]
[BlackTeamCountry "GER"]

1. e4 e5 2. Nf3 Nc6 3. Bb5 f5 4. d3 fxe4 5. dxe4 Nf6 6. 0-0 Bc5 7. Qd3 Nd4 8. Nxd4 Bxd4 9. Nd2 c6 10. Bc4 b5 11. Bb3 a5 12. a4 Ba6 13. axb5 cxb5 14. Nf3 b4 15. Bc4 Bxc4 16. Qxc4 Rc8 17. Qd3 0-0 18. Nxd4 exd4 19. e5 Nh5 20. Qxd4 Rxc2 21. Qd1 Rxc1 22. Rxc1 Nf4 23. g3 Qg5 24. Kh1 Ng6 25. f4 Qf5 26. Qd5+ Kh8 27. Rce1 Ne7 28. Qxa5 b3 29. Qb4 Qe6 30. Qd6 Qf7 31. Qxd7 h5 32. f5 h4 33. g4 1-0

[Event "Bayern-ch 81st"]
[Site "Bad Koenigshofen"]
[Date "2010.08.25"]
[Round "4"]
[White "Hoefelsauer, Thomas"]
[Black "Jussupow, Ekaterina"]
[Result "1-0"]
[WhiteElo "2143"]
[BlackElo "2166"]
[PlyCount "145"]
[EventDate "2010.08.22"]
[EventType "swiss"]
[EventRounds "9"]
[EventCountry "GER"]
[SourceTitle "EXT 2015"]
[Source "ChessBase"]
[SourceDate "2014.11.20"]
[SourceVersion "1"]
[SourceVersionDate "2014.11.20"]
[SourceQuality "1"]

1. c4 e6 2. Nc3 d5 3. d4 Nf6 4. cxd5 exd5 5. Bf4 c6 6. Nf3 Bd6 7. Bxd6 Qxd6 8. e3 0-0 9. Be2 Nbd7 10. 0-0 Ne4 11. Nxe4 dxe4 12. Nd2 Qg6 13. f3 exf3 14. Rxf3 Nf6 15. Nc4 Be6 16. Ne5 Qh6 17. Bd3 Rad8 18. Qe1 Nd5 19. Qf2 f6 20. Nc4 Rfe8 21. Re1 Nb4 22. Bf1 Bd5 23. Rh3 Qg6 24. a3 Nd3 25. Bxd3 Qxd3 26. Nd2 Bf7 27. Nf3 Rd5 28. Rg3 Qe4 29. Nd2 Qf5 30. Rf3 Qd7 31. Rf4 Bg6 32. Nf3 Qc7 33. g3 Be4 34. Nd2 Bg6 35. e4 Rb5 36. Nf3 Qb6 37. b4 a5 38. e5 axb4 39. exf6 bxa3 40. f7+ Bxf7 41. Rxe8+ Bxe8 42. Nd2 Bf7 43. Rxf7 Qd8 44. Nc4 Rb1+ 45. Kg2 Qd5+ 46. Rf3 Rb3 47. Ne3 Qe4 48. Qa2 Qb1 49. Qxb1 Rxb1 50. Rf2 Rb2 51. Nc2 Ra2 52. Kf1 b5 53. Ke1 g6 54. Re2 Kf7 55. Kd1 Kf6 56. Re3 b4 57. Nxb4 Rb2 58. Nc2 a2 59. Ra3 Ke6 60. Kc1 Rb1+ 61. Kd2 Rh1 62. Rxa2 Rxh2+ 63. Ke3 Rg2 64. d5+ Kd6 65. Kf3 Rd2 66. dxc6 Rd3+ 67. Ne3 Kxc6 68. Ra7 Rd7 69. Rxd7 Kxd7 70. Kf4 Ke6 71. Kg5 Ke5 72. Kh6 Ke4 73. Nf1 1-0

[Event "Bayern-ch 81st"]
[Site "Bad Koenigshofen"]
[Date "2010.08.24"]
[Round "3"]
[White "Jussupow, Ekaterina"]
[Black "Zill, Christoph"]
[Result "0-1"]
[WhiteElo "2166"]
[BlackElo "2213"]
[PlyCount "82"]
[EventDate "2010.08.22"]
[EventType "swiss"]
[EventRounds "9"]
[EventCountry "GER"]
[SourceTitle "EXT 2015"]
[Source "ChessBase"]
[SourceDate "2014.11.20"]
[SourceVersion "1"]
[SourceVersionDate "2014.11.20"]
[SourceQuality "1"]

1. Nf3 e6 2. d4 f5 3. g3 Nf6 4. Bg2 Be7 5. 0-0 0-0 6. b3 d6 7. Bb2 Qe8 8. c4 Qh5 9. e3 Nbd7 10. Nc3 g5 11. Nd2 Qh6 12. e4 f4 13. Nb5 Ne8 14. e5 a6 15. exd6 cxd6 16. Nc3 Ndf6 17. Nde4 Nxe4 18. Nxe4 Nf6 19. Qd3 Bd7 20. Rae1 Rae8 21. Bc1 Bc8 22. Bd2 Rf7 23. c5 Nxe4 24. Rxe4 d5 25. Ree1 Ref8 26. f3 Bd7 27. a4 Bf6 28. Bc3 fxg3 29. hxg3 Bd8 30. Re2 Bc7 31. Be1 Rf6 32. Qe3 Qh5 33. Bd2 Rf5 34. Be1 R8f6 35. f4 gxf4 36. gxf4 Bxf4 37. Rxf4 Rxf4 38. Qg3+ Qg6 39. Qxg6+ Rxg6 40. Bf2 e5 41. Be3 Rf5 0-1

[Event "Bayern-ch 81st"]
[Site "Bad Koenigshofen"]
[Date "2010.08.23"]
[Round "2"]
[White "Schatz, Christian"]
[Black "Jussupow, Ekaterina"]
[Result "0-1"]
[WhiteElo "2151"]
[BlackElo "2166"]
[PlyCount "99"]
[EventDate "2010.08.22"]
[EventType "swiss"]
[EventRounds "9"]
[EventCountry "GER"]
[SourceTitle "EXT 2015"]
[Source "ChessBase"]
[SourceDate "2014.11.20"]
[SourceVersion "1"]
[SourceVersionDate "2014.11.20"]
[SourceQuality "1"]

1. c4 Nf6 2. Nc3 e6 3. e4 d5 4. e5 d4 5. exf6 dxc3 6. bxc3 Qxf6 7. d4 b6 8. Be2 Bb7 9. Bf3 Bxf3 10. Nxf3 Bd6 11. Qa4+ c6 12. 0-0 0-0 13. Re1 Rc8 14. Qc2 h6 15. Ne5 Rc7 16. Re3 Bxe5 17. Rxe5 Nd7 18. Re4 Rd8 19. Bf4 Rcc8 20. Rae1 Qf5 21. Qc1 c5 22. d5 exd5 23. cxd5 Qxd5 24. Bxh6 Qh5 25. Bg5 f6 26. Bf4 Re8 27. Qe3 Rxe4 28. Qxe4 Qf7 29. h3 Nf8 30. Re2 Rd8 31. Kh2 Ng6 32. Bg3 f5 33. Qc6 f4 34. Re6 fxg3+ 35. fxg3 Nf8 36. Re4 Qd5 37. Qc7 Rd7 38. Qf4 Rf7 39. Qe3 Qxa2 40. Rf4 Rxf4 41. Qxf4 Qe6 42. Qb8 a5 43. Qa7 Qc6 44. h4 a4 45. Qa6 Nd7 46. Qc4+ Kh8 47. Qf7 Nf6 48. Qg6 a3 49. h5 Qe8 50. Qxe8+ 0-1

[Event "Erfurt (Women)"]
[Site "Erfurt"]
[Date "2010.07.03"]
[Round "6"]
[White "Jussupow, Ekaterina"]
[Black "Dworakowska, Joanna"]
[Result "0-1"]
[WhiteElo "2174"]
[BlackElo "2338"]
[PlyCount "78"]
[EventDate "2010.07.03"]
[EventType "tourn"]
[EventRounds "9"]
[EventCountry "GER"]
[SourceTitle "CBM 137 Extra"]
[Source "ChessBase"]
[SourceDate "2010.09.01"]
[SourceVersion "1"]
[SourceVersionDate "2010.09.01"]
[SourceQuality "1"]

1. e4 g6 2. d4 Bg7 3. Nf3 d6 4. Nc3 Nf6 5. Be3 c6 6. Qd2 Ng4 7. Bg5 h6 8. Bh4 Nf6 9. 0-0-0 g5 10. Bg3 Nh5 11. d5 Bg4 12. Be2 Bxf3 13. Bxf3 Nxg3 14. hxg3 Qa5 15. Rhe1 0-0 16. e5 Bxe5 17. Rxe5 dxe5 18. d6 e6 19. Qe2 Nd7 20. Kb1 Kg7 21. Be4 f5 22. Bd3 e4 23. Bc4 Qe5 24. Qh5 Rad8 25. f4 exf3 26. gxf3 Nb6 27. f4 Qf6 28. Bb3 Nd5 29. Ne2 b5 30. Bxd5 exd5 31. Nd4 Rxd6 32. fxg5 hxg5 33. c3 Qg6 34. Qf3 f4+ 35. Ka1 g4 36. Qh1 f3 37. Qh4 Rdf6 38. Re1 f2 39. Re7+ Kg8 0-1

[Event "Erfurt (Women)"]
[Site "Erfurt"]
[Date "2010.07.03"]
[Round "8"]
[White "Jussupow, Ekaterina"]
[Black "Michna, Marta"]
[Result "0-1"]
[WhiteElo "2174"]
[BlackElo "2393"]
[PlyCount "60"]
[EventDate "2010.07.03"]
[EventType "tourn"]
[EventRounds "9"]
[EventCountry "GER"]
[SourceTitle "CBM 137 Extra"]
[Source "ChessBase"]
[SourceDate "2010.09.01"]
[SourceVersion "1"]
[SourceVersionDate "2010.09.01"]
[SourceQuality "1"]

1. e4 e6 2. d4 d5 3. Nc3 Nf6 4. exd5 exd5 5. Bg5 c6 6. Bd3 Be7 7. Qe2 Nbd7 8. f4 0-0 9. Nf3 Re8 10. 0-0-0 Bb4 11. Qd2 Qa5 12. Rhe1 Ne4 13. Bxe4 dxe4 14. Ne5 Nxe5 15. dxe5 Bg4 16. Rxe4 Bxc3 17. bxc3 Qxa2 18. Rb4 Qa1+ 19. Rb1 Qa3+ 20. Rb2 Bxd1 21. Qxd1 Qxc3 22. Kb1 b6 23. Rb3 Qc4 24. Qh5 Re6 25. Rg3 Rg6 26. Qh4 Re8 27. Qh3 h6 28. Bxh6 gxh6 29. f5 Rxg3 30. Qxg3+ Kh7 0-1